Statistics for Formula One Countries Visited

Click here to take the quiz!

General Stats

  • This quiz has been taken 4,658 times
    (2,260 since last reset)
  • The average score is 26 of 32

Answer Stats

Answer % Correct
United States
98%
United Kingdom
96%
Germany
95%
Australia
95%
France
94%
Spain
94%
Italy
94%
Brazil
93%
Japan
91%
Austria
91%
Canada
91%
China
91%
Russia
90%
Mexico
90%
Belgium
89%
Argentina
83%
Monaco
82%
Hungary
80%
Portugal
79%
Bahrain
77%
United Arab Emirates
76%
South Africa
76%
Malaysia
76%
India
75%
Singapore
75%
Netherlands
73%
South Korea
71%
Sweden
69%
Turkey
68%
Azerbaijan
63%
Switzerland
62%
Morocco
42%

Score Distribution

Percentile by Number Answered

Percent of People with Each Score

Your Score History

You have not taken this quiz since the last reset